| 000 | 01030nas a2200337 4500 | ||
|---|---|---|---|
| 001 | BR2016001497 | ||
| 003 | BR-BrBNA | ||
| 005 | 20231205130241.0 | ||
| 007 | ta | ||
| 008 | 230509b bl.|||p| |||| 00| 00por d | ||
| 040 |
_aBR-BrBNA _bpor _cBiblioteca Nacional de Agricultura |
||
| 041 | _a(En) | ||
| 072 | _aL02 | ||
| 100 | 1 | _aColet, S. | |
| 100 | 1 | _aGarcia, R.G. | |
| 100 | 1 | _aAlmeida Paz, I.C.L. | |
| 100 | 1 | _aCaldara, F.R. | |
| 100 | 1 | _aBorille, R. | |
| 100 | 1 | _aRoyer, A.F.B. | |
| 100 | 1 | _aNääs, I.A. | |
| 100 | 1 | _aSgavioli, S. | |
| 245 | 1 | _aBone characteristics of broilers supplemented with vitamin D | |
| 650 | _aFRANGO DE CORTE | ||
| 650 | _aDIETA | ||
| 650 | _aSUPLEMENTO ALIMENTAR | ||
| 650 | _aVITAMINA D | ||
| 773 | 0 |
_tRevista Brasileira de Ciência Avícola (Brazil) _xISSN 1806-9061 _g(Jul-Sep 2015), v. 17(3) p. 325-332 _wBR2016001497 |
|
| 856 | 4 | 0 | _uhttp://www.scielo.br/pdf/rbca/v17n3/1516-635X-rbca-17-03-00325.pdf |
| 909 |
_a202311 _bLúcia _c55 _dLúcia Elande |
||
| 942 |
_2AGRIS _n0 _cANA |
||
| 999 |
_c248466 _d248466 |
||